Foreign investments and the management of political risk

Saved in:
Bibliographic Details
Main Author: Haendel, Dan
Format: Book
Language:Undetermined
Published: Boulder Westview Press 1979
Subjects:
Tags: Add Tag
No Tags, Be the first to tag this record!
Institutions: Trung tâm Học liệu Trường Đại học Cần Thơ
LEADER 00484nam a2200169Ia 4500
001 CTU_78800
008 210402s9999 xx 000 0 und d
082 |a 658.1 
082 |b H135 
100 |a Haendel, Dan 
245 0 |a Foreign investments and the management of political risk 
245 0 |c Dan Haendel 
260 |a Boulder 
260 |b Westview Press 
260 |c 1979 
650 |a International business enterprises 
980 |a Trung tâm Học liệu Trường Đại học Cần Thơ